000 00902nam a2200289 i 4500
001 000011737
003 DO-SdBNP
005 20251204094038.0
007 ta
008 091027s1990 dr r 001 f spa d
040 _aDO-SdBNP
_bspa
_cBNPHU
_erda
041 _aspa
082 4 _aRD863.44
_bA473f
_222
100 1 _aAlvarez P., Eduardo A,
_d1915-
_eautor
_917931
245 1 3 _aEl fuerte de la navidad :
_bnovela histórica /
_cEduardo A. Alvarez P.
264 _aSanto Domingo :
_bCorripio,
_c1990.
300 _a76 páginas. ;
_c23 cm.
336 _ardacontent
_btexto
_2txt
337 _ardamedia
_bsin mediación
_2n
338 _ardacarrier
_bvolumen
_2nc
500 _aIncluye datos biográficos del autor en la contracubierta
590 _aInventariado, 2019/BT
650 0 _aNovela histórica dominicana.
_9860
650 0 _aLiteratura dominicana.
_967
910 _aBT
942 _2ddc
_cLBS1
999 _c11412
_d11412